| 000 | 00489nam a22001577a 4500 | ||
|---|---|---|---|
| 003 | OSt | ||
| 005 | 20160316154524.0 | ||
| 008 | 160316b xxu||||| |||| 00| 0 eng d | ||
| 040 | _cRUA | ||
| 082 | _aVEM HUY 2011 B470 Or.1 | ||
| 100 |
_98030 _aHUY PHY; ហ៊ុយ ភី |
||
| 245 | _aEffectiveness of antibiotic on diarrhea of suckling piglet at top chantha farm at dangkor district, phom penh | ||
| 260 |
_aPhnom Penh _bRUA _c2011 |
||
| 300 |
_aviii;41p. _bill. _c29cm. |
||
| 942 |
_2ddc _cVEM |
||
| 999 |
_c7628 _d7628 |
||